มุมมองปกติ
มุมมองแบบ MARC
- จักรพงษ์ภูวนาถ,
รายการ Personal Name
001 - CONTROL NUMBER
- control field: 24278
003 - CONTROL NUMBER IDENTIFIER
- control field: NALT
005 - DATE AND TIME OF LATEST TRANSACTION
- control field: 20210302090628.0
008 - FIXED-LENGTH DATA ELEMENTS
- fixed length control field: 180105|| aca||aabn | a|a d
040 ## - CATALOGING SOURCE
- Original cataloging agency: NALT
100 04 - HEADING--PERSONAL NAME
- Personal name: จักรพงษ์ภูวนาถ,
- Titles and other words associated with a name: สมเด็จฯ เจ้าฟ้า กรมหลวงพิษณุโลกประชานาถ,
- Dates associated with a name: 2425-2463
